Ladakh : (Record no. 133320)

MARC details
000 -LEADER
fixed length control field 00718nam a22002297a 4500
005 - DATE AND TIME OF LATEST TRANSACTION
control field 20170124110207.0
010 ## - LIBRARY OF CONGRESS CONTROL NUMBER
LC control number A-169520
020 ## - INTERNATIONAL STANDARD BOOK NUMBER
Terms of availability 00.00
035 ## - SYSTEM CONTROL NUMBER
System control number A-169520
037 ## - SOURCE OF ACQUISITION
Source of stock number/acquisition Cen Lib/Ret
040 ## - CATALOGING SOURCE
Original cataloging agency DPL
Language of cataloging EN
082 ## - DEWEY DECIMAL CLASSIFICATION NUMBER
Classification number 954.11
Item number RIZ
100 ## - MAIN ENTRY--PERSONAL NAME
Personal name Rizvi, Janet
9 (RLIN) 37594
245 ## - TITLE STATEMENT
Title Ladakh :
Statement of responsibility, etc by Janet Rizvi
Remainder of title crossroads of high Asia /
260 ## - PUBLICATION, DISTRIBUTION, ETC. (IMPRINT)
Name of publisher, distributor, etc Oxford University Press
Place of publication, distribution, etc New Delhi
Date of publication, distribution, etc 1983
270 ## - ADDRESS
City New Delhi
Address 2/11, Ansari Road, Darya Ganj
Postal code 110002
300 ## - PHYSICAL DESCRIPTION
Extent xii,224p.
Dimensions 21cm(Hb)
500 ## - GENERAL NOTE
General note Includes bibliographical references and index<br/>
650 ## - SUBJECT ADDED ENTRY--TOPICAL TERM
Topical term or geographic name as entry element Hemis Monastery (Ladākh, India)
9 (RLIN) 29088
650 ## - SUBJECT ADDED ENTRY--TOPICAL TERM
Topical term or geographic name as entry element Automobile travel
9 (RLIN) 72321
942 ## - ADDED ENTRY ELEMENTS (KOHA)
Source of classification or shelving scheme Dewey Decimal Classification
Koha item type English Books
Classification part 954.11
Call number suffix RIZ
Holdings
Withdrawn status Lost status Damaged status Not for loan Home library Current library Date acquired Source of acquisition Cost, normal purchase price Total Checkouts Full call number Barcode Date last seen Copy number Cost, replacement price Price effective from Koha item type
        Central Library Central Library 25/07/2015 Cen Lib/Ret 0.00   954.11 RIZ A-169520 25/07/2015 1 0.00 25/07/2015 English Books

© Delhi Public Library
Hit Counter
free hit counter